header

Misleading information from the battlefield (Record no. 161963)

MARC details
000 -LEADER
fixed length control field 01629nam a2200409 a 4500
082 04 - DEWEY DECIMAL CLASSIFICATION NUMBER
Classification number 355.4/1
245 00 - TITLE STATEMENT
Title Misleading information from the battlefield
260 ## - PUBLICATION, DISTRIBUTION, ETC. (IMPRINT)
Place of publication Hauppauge, N.Y. :
Name of publisher Nova Science Publishers,
Year of publication 2010.
300 ## - PHYSICAL DESCRIPTION
Number of Pages ix, 159 p.
490 1# - SERIES STATEMENT
Series statement Defense, security and strategy series
650 #0 - SUBJECT ADDED ENTRY--TOPICAL TERM
Topical Term Disclosure of information
Topical Term Governmental investigations
Topical Term Deception
Topical Term Afghan War, 2001
Topical Term Iraq War, 2003-2011
700 1# - ADDED ENTRY--PERSONAL NAME
Personal name Stewart, Gene P.
856 40 - ELECTRONIC LOCATION AND ACCESS
Uniform Resource Identifier http://site.ebrary.com/lib/rucke/Doc?id=10670997

No items available.

© 2026 Rongo University
Contact us: librarian | system librarian | Rongo university